Собрание сочинений. Т. 1: 1. Около брака | 2. Маленький Боб (Запись № 7570404)

Подробности
000 -МАРКЕР
контрольное поле 01142nam2a22002771 4500
001 - ИДЕНТИФИКАТОР ЗАПИСИ
контрольное поле v19\rc\2010513
005 - ИДЕНТИФИКАТОР ВЕРСИИ
контрольное поле 20250620014948.0
035 ## - ДРУГИЕ СИСТЕМНЫЕ НОМЕРА
Идентификатор записи (NLR Aleph) 005118644
100 ## - ДАННЫЕ ОБЩЕЙ ОБРАБОТКИ
Данные общей обработки 20080925d1901 |||y0rusy50 ca
101 1# - ЯЗЫК РЕСУРСА
Язык текста, звукозаписи и т.д. русский
Язык оригинала французский
-- французский
102 ## - СТРАНА ПУБЛИКАЦИИ ИЛИ ПРОИЗВОДСТВА
Страна публикации Российская Федерация
105 ## - ПОЛЕ КОДИРОВАННЫХ ДАННЫХ: ТЕКСТОВЫЕ МАТЕРИАЛЫ, МОНОГРАФИЧЕСКИЕ
Кодированные данные о монографическом текстовом документе c z |||||
200 1# - ЗАГЛАВИЕ И СВЕДЕНИЯ ОБ ОТВЕТСТВЕННОСТИ
Основное заглавие 1. Около брака
Первые сведения об ответственности Пер. ***
Основное заглавие 2. Маленький Боб
Первые сведения об ответственности Пер. Н.А. Максимовой
215 ## - ФИЗИЧЕСКАЯ ХАРАКТЕРИСТИКА
Специфическое обозначение материала и объем [2], 275 с., 1 л. портр.
225 1# - СЕРИЯ
Основное заглавие серии ...
Обозначение тома Кн. 9
461 #0 - УРОВЕНЬ НАБОРА
Встроенное поле 001v19\rc\2010512
-- 2001#$aСобрание сочинений$fЖип. Т. 1-2$vТ. 1
-- 700#1$aЖип$cпсевдоним$3RU\NLR\AUTH\770252511$f1849-1932
Системный номер (АБИС) связанной записи 7570396
Автор Жип (псевдоним ; 1849-1932)
Место публикации Санкт-Петербург
Дата публикации 1901
Первые сведения об ответственности Жип. Т. 1-2
Имя издателя, распространителя и т.д. тип. бр. Пантелеевых
Физическая характеристика 2 т.
Заглавие Собрание сочинений
Номер тома Т. 1
517 0# - ДРУГИЕ ВАРИАНТЫ ЗАГЛАВИЯ
Вариант заглавия Около брака
517 0# - ДРУГИЕ ВАРИАНТЫ ЗАГЛАВИЯ
Вариант заглавия Маленький Боб
702 #1 - ИМЯ ЛИЦА - ВТОРИЧНАЯ ОТВЕТСТВЕННОСТЬ
Начальный элемент ввода Максимова
Часть имени, кроме начального элемента ввода Н.А.
Код отношения Переводчик
801 #0 - ИСТОЧНИК ЗАПИСИ
Страна Российская Федерация
Организация NLR
Правила каталогизации psbo
801 #1 - ИСТОЧНИК ЗАПИСИ
Страна Российская Федерация
Организация ProSoft-M
Источник данных rusmarc
852 ## - МЕСТОНАХОЖДЕНИЕ И ШИФР ХРАНЕНИЯ
Идентификатор организации NLR
Шифр хранения (Call Number) 19.90.6.10
942 ## - ДОПОЛНИТЕЛЬНЫЕ ЭЛЕМЕНТЫ ЗАПИСИ (АБИС)
Тип экземпляра АБИС Книга
980 ## - КОЛЛЕКЦИЯ
Название коллекции Национальная библиография
Экземпляры
Тип экземпляра Дата поступления Библиотека постоянного хранения Библиотека текущего хранения Место хранения Шифр хранения Штрих-код Статус экземпляра
Книга 26.10.2013 РНБ (Садовая) РНБ (Садовая) Русский книжный фонд -Главное здание, Ленинский читальный зал 19.90.6.10 5118644-10